000 00758nam a2200217Ii 4500
003 JO-AjNU
008 230605s9999||||xx |||||||||||||| ||und||
017 _a1990/7/470
040 _aJO-AjNU
_bara
_erda
_cJO-AjNU
041 _aara
050 1 4 _aKMM97.A44.K5488.1990
100 3 _aالكيلاني، محمود ,
_eauthor
_946862
245 0 0 _aالقانون التجاري الاردني : الاوراق التجارية " دراسة مقارنة "
250 _aط1
264 3 1 _aعمان : د ، ن ، 1990
300 _a392ص
336 _atext
_btxt
_2rdacontent
337 _aunmediated
_bn
_2rdamedia
338 _avolume
_bnc
_2rdacarrier
650 4 _aالقانون التجاري -- الاردن -- الاوراق التجارية
_946863
999 _aA20417
_c23985
_d23985